Celostnosť a flexibilita v štruktúre sídelných celkov : Kandidátska dizertačná práca /

Gespeichert in:
Bibliographische Detailangaben
1. Verfasser: Jakubík, Juraj (Verfasst von)
Weitere Verfasser: Šteis, Rudolf (Betreuung Doktorarbeit)
Format: Manuskript Buch
Sprache:Slowakisch
Veröffentlicht: Bratislava : Slovenská vysoká škola technická v Bratislave, Fakulta architektúry, september 1979
Schlagworte:
Tags: Tag hinzufügen
Keine Tags, Fügen Sie das erste Tag hinzu!

MARC

LEADER 00000ntm a22000003a 4500
001 0112632
003 SK-STU
005 20241127154325.5
007 ta
008 241127s2024----xo-----f-mn---000-0-slo-d
040 |a STU  |b slo 
041 0 |a slo 
044 |a xo  |c SK 
100 1 |a Jakubík, Juraj  |4 aut 
245 1 0 |a Celostnosť a flexibilita v štruktúre sídelných celkov :  |b Kandidátska dizertačná práca /  |c aut. Juraj Jakubík ; škol. Rudolf Šteis 
260 |a Bratislava :  |b Slovenská vysoká škola technická v Bratislave, Fakulta architektúry,  |c september 1979 
300 |a 104 s. 
650 0 7 |a sídelné útvary 
650 0 7 |a hľadisko sociálne 
650 0 7 |a kompozícia 
650 0 7 |a urbanistický interiér 
650 0 7 |a urbanistický exteriér 
650 0 7 |a flexibilita 
700 1 |a Šteis, Rudolf  |4 ths 
996 |b 284AU10084  |c A* 161/V  |l AAKNST  |s P  |a 0  |w 0112632_0001